Diseño y estudio de Pre factibilidad de un Proyecto Eléctrico en el Departamento Boaco, conectado a la Red Nacional
Presenta un diseño de un proyecto de electrificación con su estudio de costo la comunidad la Libertad, municipio de Boaco , presenta un estudio sobre el punto más cercano para conectarse a la red eléctrica nacional y un estudio de demanda energética de la comunidad.
| Main Authors: | , |
|---|---|
| Other Authors: | |
| Format: | Tesis Section = Libro |
| Language: | Undetermined Spanish |
| Published: |
Managua
UNI
2011
|
| Subjects: |
| LEADER | 01172nam a2200265Ia 4500 | ||
|---|---|---|---|
| 008 | 240830s9999 xx 000 0 und d | ||
| 040 | |a BIBLIOTECA-RUSB/ T.Mon 621.31 P259 | ||
| 041 | |a spa | ||
| 082 | |a T.Mon 621.31 P259 | ||
| 100 | 1 | |a Parrales Castro, Wanner C | |
| 100 | 1 | |b Áreas Lopez, Engels J | |
| 245 | 1 | 0 | |a Diseño y estudio de Pre factibilidad de un Proyecto Eléctrico en el Departamento Boaco, conectado a la Red Nacional |
| 260 | |a Managua |b UNI |c 2011 | ||
| 300 | |a 52 p. :il. | ||
| 500 | |a Contiene: anexos y tablas. | ||
| 502 | |a Tesis (Ingeniero Eléctrico) - UNI, 2011. | ||
| 520 | 3 | |a Presenta un diseño de un proyecto de electrificación con su estudio de costo la comunidad la Libertad, municipio de Boaco , presenta un estudio sobre el punto más cercano para conectarse a la red eléctrica nacional y un estudio de demanda energética de la comunidad. | |
| 650 | 7 | |a GENERACION DE ENERGIA ELECTRICA | |
| 650 | 7 | |b REDES ENERGETICAS | |
| 650 | 7 | |c ENERGIA EECTRICA-COSTO | |
| 650 | 7 | |d ABASTECIMIENTO DE ENERGIA ELECTRICA-BOACO | |
| 700 | 1 | |a Tutor: |b Dalla-Torre Parrales, Cedrick Elksnher | |
| 942 | |c BK |2 ddc | ||
| 991 | |a TESIS | ||
| 999 | |c 21814 | ||